[Event "Steyr Landesliga 1415"]
[Site "Austria"]
[Date "2015.03.07"]
[Round "8.8"]
[White "Hollauf, Gerd"]
[Black "Kulmer, Manuel"]
[Result "1-0"]
[WhiteElo "1592"]
[BlackElo "1245"]
[PlyCount "53"]
[EventDate "2014.09.27"]
[EventType "team-tourn"]
[EventRounds "11"]
[EventCountry "AUT"]
[SourceTitle "EXT 2016"]
[Source "ChessBase"]
[SourceDate "2015.10.08"]
[SourceVersion "1"]
[SourceVersionDate "2015.10.08"]
[SourceQuality "1"]
[WhiteTeam "Fuerstenfeld/Hartberg"]
[BlackTeam "Gleisdorf"]
[WhiteTeamCountry "AUT"]
[BlackTeamCountry "AUT"]

1. f4 Nf6 2. Nf3 d5 3. e3 Nc6 4. Bb5 Bd7 5. Nc3 e6 6. 0-0 a6 7. Bxc6 Bxc6 8. b3 Be7 9. Bb2 0-0 10. Ne2 Bb5 11. a4 Bxe2 12. Qxe2 Bc5 13. Ne5 Qe7 14. Rf3 Rad8 15. Nd3 Bd6 16. Rg3 g6 17. Rf1 Rfe8 18. h4 Ne4 19. Rh3 Qf8 20. Nf2 f5 21. Nxe4 dxe4 22. h5 e5 23. hxg6 hxg6 24. Qc4+ Kg7 25. fxe5 Bxe5 26. Qxc7+ Qe7 27. Bxe5+ 1-0

[Event "Gleisdorfer Jugendschach"]
[Site "Gleisdorf"]
[Date "2009.09.18"]
[Round "2.1"]
[White "Kulmer, Manuel"]
[Black "Ofner, Maximilian"]
[Result "0-1"]
[WhiteElo "1230"]
[BlackElo "1569"]
[PlyCount "28"]
[EventDate "2009.09.18"]
[EventType "swiss"]
[EventRounds "5"]
[EventCountry "AUT"]
[SourceTitle "EXT 2024"]
[Source "ChessBase"]
[SourceDate "2023.10.10"]
[SourceVersion "1"]
[SourceVersionDate "2023.10.10"]
[SourceQuality "1"]

1. e4 e5 2. Bc4 Nf6 3. Nc3 Nxe4 4. Nxe4 d5 5. Bb3 dxe4 6. Qh5 Qf6 7. d3 exd3 8. Bg5 Qf5 9. cxd3 Bb4+ 10. Ke2 Be7 11. Nf3 h6 12. Nh4 Qg4+ 13. f3 Qxh5 14. Bxe7 Kxe7 0-1